000 00611nam a22002177a 4500
001 86714
003 UA-OsUOA
005 20211016104234.0
007 ta
008 20120910b un ||||| |||| 00| 0 ukr d
040 _aUA-OsUOA
_brus
_cUA-OsUOA
_dUA-OsUOA
041 _arus
080 _a94(47+57)
090 _a94(47+57)
_bИ90
245 _aИстория СССР: эпоха социализма (1917-1957)
_bучебное пособие
_cред. Ким М. П.
260 _aМ.
_bПолитиздат
_c1957
300 _a772 с.
650 7 _a94 Історія
_2UDC
942 _cBK
_2udc
955 _a2
999 _c372873
_d372873